000
00506nam a2200133Ia 4500
008
100328s9999 xx 000 0 und d
082
_b
12221
100
_a
रावकर माु
245
_a
शिवस्फूर्तीची स्मृती रायगड
260
_b
प्रसन्न
630
_a
शिवस्फूर्तीची स्मृती रायगड
730
_a
शिवस्फूर्तीची स्मृती रायगड
942
_c
BOOK
999
_c
507494
_d
507491